| 000 | 00438pab a2200169 454500 | ||
|---|---|---|---|
| 008 | 180718b1997 xxu||||| |||| 00| 0 eng d | ||
| 100 | _aNarayanasamy, S. | ||
| 245 | _aGandhian approach to social defence of the under privileged | ||
| 260 | _c1997 | ||
| 300 | _ap.129-37 | ||
| 362 | _aApr-Sep | ||
| 650 | _aSocial welfare | ||
| 650 | _aGandhi on social defence | ||
| 650 | _aGandhi, M.K. | ||
| 773 | _aISDA Journal | ||
| 909 | _a36221 | ||
| 999 |
_c36221 _d36221 |
||